000 00759nam a22002057a 4500
999 _c16215
_d16215
003 AR-CdUCM
008 190410b ||||| |||| 00| 0 spa d
040 _aMUNICIPALIDAD PROVINCIAL DEL CUSCO
_cBIBLIOTECA MUNICIPAL DEL CUSCO
082 _a371. 23 /
_bCH43
100 _aChevarria H., Mario Fernando
_935523
245 _aFiestas escolares /
260 _aCusco :
_c1994.
_bLibr. peñarol,
300 _a398 páginas ;
_c22.5 cm.
505 _aContenido : Iniciación de las labores escolares -- Día mundial de la salud -- Día del trabajador -- Día de la madre -- La batalla de Arica...
650 _aEtapa escolar
_930749
650 _aCelebración
_930750
650 _aFiestas escolares
_930751
942 _2ddc
_cLIBROS
945 _aacv
_d2019-05-02